Statistics for Serie B Teams: 2020/2021

Click here to take the quiz!

General Stats

  • This quiz has been taken 7 times
  • The average score is 12 of 20

Answer Stats

Team% Correct
Chievo Verona
100%
Ascoli Calcio
86%
Empoli F.C.
86%
Pescara Calcio
86%
A.C. Monza
71%
Brescia Calcio
71%
Frosinone Calcio
71%
SPAL 2013 Ferrara
71%
U.S. Lecce
71%
U.S. Salernitana 1919
71%
Venezia F.C
71%
A.C. Pisa
57%
Reggina 1914
57%
A.C. Reggiana
43%
Cosenza Calcio
43%
Pordenone Calcio
43%
Vicenza Virtus
43%
Virtus Entella
43%
A.S. Cittadella
29%
U.S. Cremonense
0%

Score Distribution

Percentile by Number Answered

Percent of People with Each Score

Your Score History

You have not taken this quiz